MARC

LEADER 00000nam0a2200000 4500
001 23202
005 20231101205532.0
010 |a 5836500282 
035 |a (RuTPU)RU\TPU\book\23420 
035 |a BOOK00023492 
090 |a 23202 
100 |a 20011209d2000 m y0rusy50 ca 
101 0 |a rus 
102 |a RU 
105 |a a j 000zy 
200 1 |a Осложнения и аварии при бурении нефтяных и газовых скважин  |e учебник  |f Ю. М. Басарыгин, А. И. Булатов, Ю. М. Проселков 
210 |a Москва  |c Недра  |d 2000 
215 |a 679 с.  |c ил. 
606 1 |a Бурение на нефть  |x Аварии  |2 stltpush  |3 (RuTPU)RU\TPU\subj\30306  |9 53432 
610 1 |a нефтегазовые скважины 
610 1 |a газ 
610 1 |a осложнения 
610 1 |a повреждения 
610 1 |a предотвращение 
610 1 |a ликвидация 
610 1 |a учебные пособия 
675 |a 622.248.5(075.8)  |v 3 
700 1 |a Басарыгин  |b Ю. М.  |g Юрий Михайлович 
701 1 |a Булатов  |b А. И.  |g Анатолий Иванович 
701 1 |a Проселков  |b Ю. М.  |g Юрий Михайлович 
801 0 |a RU  |b 63413507  |c 20011209  |g PSBO 
801 2 |a RU  |b 63413507  |c 20201106  |g PSBO 
900 |a Осложнения и аварии при бурении нефтяных и газовых скважин 
900 |a Теория и практика управления скважиной 
942 |c BK